[Event "Madrid-chT 1617"]
[Site "Madrid"]
[Date "2017.02.12"]
[Round "9.16"]
[White "Collazo Hidalgo Gato, Niala"]
[Black "Navarro Nicolas, Victor Manuel"]
[Result "1-0"]
[WhiteElo "2225"]
[BlackElo "2077"]
[PlyCount "55"]
[EventDate "2016.11.20"]
[EventType "team-tourn"]
[EventRounds "14"]
[EventCountry "ESP"]
[SourceTitle "EXT 2018"]
[Source "ChessBase"]
[SourceDate "2017.10.13"]
[SourceVersion "1"]
[SourceVersionDate "2017.10.13"]
[SourceQuality "1"]
[WhiteTeam "Collado Villalba"]
[BlackTeam "Pueblo Nuevo"]
[WhiteTeamCountry "ESP"]
[BlackTeamCountry "ESP"]

1. e4 c6 2. d4 d5 3. Nc3 dxe4 4. Nxe4 Bf5 5. Ng3 Bg6 6. h4 h6 7. N1e2 Nf6 8. Nf4 Bh7 9. Bc4 Nbd7 10. Qe2 Qc7 11. Bd2 Nb6 12. Bd3 Bxd3 13. Nxd3 Nbd7 14. 0-0-0 0-0-0 15. Ne5 Nxe5 16. dxe5 Nd5 17. c4 Nb6 18. e6 fxe6 19. Kb1 e5 20. Bc3 Nd7 21. Ne4 b6 22. Rd2 Nf6 23. Rxd8+ Kxd8 24. Rd1+ Ke8 25. f4 h5 26. Bxe5 Qc8 27. Bxf6 gxf6 28. Nxf6+ 1-0

[Event "Madrid-chT 1415"]
[Site "Madrid"]
[Date "2015.03.08"]
[Round "13.2"]
[White "Collado Barbas, Laura"]
[Black "Navarro Nicolas, Victor Manuel"]
[Result "1-0"]
[WhiteElo "2132"]
[BlackElo "2156"]
[PlyCount "73"]
[EventDate "2014.11.23"]
[EventType "team-tourn"]
[EventRounds "14"]
[EventCountry "ESP"]
[SourceTitle "EXT 2016"]
[Source "ChessBase"]
[SourceDate "2015.10.08"]
[SourceVersion "1"]
[SourceVersionDate "2015.10.08"]
[SourceQuality "1"]
[WhiteTeam "Casa del Ajedrez"]
[BlackTeam "Pueblo Nuevo"]
[WhiteTeamCountry "ESP"]
[BlackTeamCountry "ESP"]

1. d4 Nf6 2. c4 g6 3. Nc3 d5 4. Nf3 Bg7 5. Bg5 Ne4 6. cxd5 Nxg5 7. Nxg5 0-0 8. Nf3 c6 9. e3 cxd5 10. Qb3 e6 11. Rc1 Nc6 12. a3 Qa5 13. Qa2 e5 14. b4 Qd8 15. Nxd5 Be6 16. Bc4 exd4 17. e4 Ne5 18. Nxe5 Bxe5 19. 0-0 Rc8 20. Rcd1 a6 21. Bb3 b5 22. Rd3 Bxd5 23. Bxd5 Rc3 24. Rfd1 Qc7 25. g3 g5 26. Qe2 Rxd3 27. Rxd3 Kg7 28. Qg4 h6 29. f4 Qc1+ 30. Rd1 Qe3+ 31. Kg2 Bb8 32. fxg5 hxg5 33. h4 Rc8 34. Rf1 f6 35. Qd7+ Kh6 36. Rxf6+ Kh5 37. g4+ 1-0

[Event "Madrid-chT 1415"]
[Site "Madrid"]
[Date "2015.02.01"]
[Round "8.4"]
[White "Navarro Nicolas, Victor Manuel"]
[Black "Perez Felipe, Marcos Adrian"]
[Result "1/2-1/2"]
[WhiteElo "2156"]
[BlackElo "2201"]
[PlyCount "66"]
[EventDate "2014.11.23"]
[EventType "team-tourn"]
[EventRounds "14"]
[EventCountry "ESP"]
[SourceTitle "EXT 2016"]
[Source "ChessBase"]
[SourceDate "2015.10.08"]
[SourceVersion "1"]
[SourceVersionDate "2015.10.08"]
[SourceQuality "1"]
[WhiteTeam "Pueblo Nuevo"]
[BlackTeam "Villalba 64"]
[WhiteTeamCountry "ESP"]
[BlackTeamCountry "ESP"]

1. Nf3 Nf6 2. c4 e6 3. g3 b6 4. Bg2 Bb7 5. 0-0 Be7 6. Nc3 0-0 7. Re1 c5 8. e4 Nc6 9. e5 Ne8 10. d4 Nxd4 11. Nxd4 Bxg2 12. Kxg2 cxd4 13. Qxd4 d6 14. Rd1 Qc7 15. Bf4 dxe5 16. Bxe5 Qc6+ 17. Qe4 Rc8 18. Qxc6 Rxc6 19. Rd7 Bf6 20. Bxf6 Nxf6 21. Rxa7 Rxc4 22. Rd1 Rb8 23. Rb7 Rcc8 24. Rxb8 Rxb8 25. Rd6 Kf8 26. Rc6 Rb7 27. b4 Ke7 28. a4 Kd7 29. Rc4 Ra7 30. Rd4+ Kc6 31. Rc4+ Kd7 32. Rd4+ Kc6 33. Rc4+ Kd7 1/2-1/2

[Event "Madrid-chT 1415"]
[Site "Madrid"]
[Date "2015.01.18"]
[Round "6.4"]
[White "Navarro Nicolas, Victor Manuel"]
[Black "Madina Yadarola, Martin"]
[Result "0-1"]
[WhiteElo "2156"]
[BlackElo "2281"]
[PlyCount "62"]
[EventDate "2014.11.23"]
[EventType "team-tourn"]
[EventRounds "14"]
[EventCountry "ESP"]
[SourceTitle "EXT 2016"]
[Source "ChessBase"]
[SourceDate "2015.10.08"]
[SourceVersion "1"]
[SourceVersionDate "2015.10.08"]
[SourceQuality "1"]
[WhiteTeam "Pueblo Nuevo"]
[BlackTeam "Casa del Ajedrez"]
[WhiteTeamCountry "ESP"]
[BlackTeamCountry "ESP"]

1. Nf3 d6 2. d4 Bg4 3. c4 Nd7 4. Qb3 Rb8 5. e4 g6 6. Be3 Bxf3 7. gxf3 Bg7 8. Nd2 c6 9. Be2 Ngf6 10. f4 0-0 11. h4 Qa5 12. 0-0-0 c5 13. h5 cxd4 14. Bxd4 Nc5 15. Qh3 e5 16. Bc3 Qc7 17. hxg6 fxg6 18. f5 gxf5 19. exf5 b5 20. b4 Na4 21. Ba1 Nb6 22. Rdg1 Rf7 23. f4 Kf8 24. fxe5 dxe5 25. Qg3 Re8 26. c5 a6 27. Bh5 Nbd5 28. Bxf7 Qxf7 29. Bxe5 Nxb4 30. Rxh7 Rxe5 31. Qxe5 Nd3+ 0-1

[Event "Madrid-chT 1415"]
[Site "Madrid"]
[Date "2015.01.11"]
[Round "5.1"]
[White "Garcia Ruido, Ricardo"]
[Black "Navarro Nicolas, Victor Manuel"]
[Result "1/2-1/2"]
[WhiteElo "2053"]
[BlackElo "2156"]
[PlyCount "76"]
[EventDate "2014.11.23"]
[EventType "team-tourn"]
[EventRounds "14"]
[EventCountry "ESP"]
[SourceTitle "EXT 2016"]
[Source "ChessBase"]
[SourceDate "2015.10.08"]
[SourceVersion "1"]
[SourceVersionDate "2015.10.08"]
[SourceQuality "1"]
[WhiteTeam "Moratalaz"]
[BlackTeam "Pueblo Nuevo"]
[WhiteTeamCountry "ESP"]
[BlackTeamCountry "ESP"]

1. e4 c6 2. d4 d5 3. Nc3 dxe4 4. Nxe4 Bf5 5. Bd3 e6 6. Nf3 Nf6 7. Nxf6+ Qxf6 8. Bg5 Qg6 9. Bxf5 Qxf5 10. 0-0 Nd7 11. c4 Bd6 12. d5 cxd5 13. cxd5 e5 14. Qe2 0-0 15. Rfe1 Rfe8 16. Qe4 Qxe4 17. Rxe4 Rac8 18. Re2 Rc5 19. Rd1 Rec8 20. g3 Rc2 21. Rxc2 Rxc2 22. Rd2 Rxd2 23. Nxd2 Kf8 24. Nc4 Bc5 25. Na5 b5 26. Nc6 f6 27. Be3 a6 28. Kg2 Bxe3 29. fxe3 e4 30. h3 Nb6 31. d6 Ke8 32. b3 Kd7 33. Nb8+ Kxd6 34. Nxa6 Nd5 35. Kf2 b4 36. g4 Kc6 37. Kg3 g5 38. Kf2 Kb6 1/2-1/2

[Event "Madrid-chT 1415"]
[Site "Madrid"]
[Date "2014.12.21"]
[Round "4.1"]
[White "Plazuelo Pascual, Juan"]
[Black "Navarro Nicolas, Victor Manuel"]
[Result "1/2-1/2"]
[WhiteElo "2122"]
[BlackElo "2156"]
[PlyCount "49"]
[EventDate "2014.11.23"]
[EventType "team-tourn"]
[EventRounds "14"]
[EventCountry "ESP"]
[SourceTitle "EXT 2016"]
[Source "ChessBase"]
[SourceDate "2015.10.08"]
[SourceVersion "1"]
[SourceVersionDate "2015.10.08"]
[SourceQuality "1"]
[WhiteTeam "Virgen de Atocha"]
[BlackTeam "Pueblo Nuevo"]
[WhiteTeamCountry "ESP"]
[BlackTeamCountry "ESP"]

1. d4 Nf6 2. c4 g6 3. f3 Bg7 4. e4 d6 5. Be3 0-0 6. Nc3 Nbd7 7. Qd2 c5 8. Rd1 Qa5 9. Nh3 cxd4 10. Bxd4 Ne5 11. Nf4 Nc6 12. Be3 Nd7 13. Nfe2 Nde5 14. Nd4 f5 15. exf5 Nxd4 16. Bxd4 Bxf5 17. f4 Nc6 18. Bxg7 Kxg7 19. Be2 Qc5 20. Nd5 a5 21. Qe3 Qxe3 22. Nxe3 Be4 23. 0-0 Nb4 24. a3 Nc2 25. Nxc2 1/2-1/2

[Event "Madrid-chT 1415"]
[Site "Madrid"]
[Date "2014.12.14"]
[Round "3.3"]
[White "Martinez Rodriguez, Pablo"]
[Black "Navarro Nicolas, Victor Manuel"]
[Result "1/2-1/2"]
[WhiteElo "2281"]
[BlackElo "2156"]
[PlyCount "42"]
[EventDate "2014.11.23"]
[EventType "team-tourn"]
[EventRounds "14"]
[EventCountry "ESP"]
[SourceTitle "EXT 2016"]
[Source "ChessBase"]
[SourceDate "2015.10.08"]
[SourceVersion "1"]
[SourceVersionDate "2015.10.08"]
[SourceQuality "1"]
[WhiteTeam "Collado Villalba"]
[BlackTeam "Pueblo Nuevo"]
[WhiteTeamCountry "ESP"]
[BlackTeamCountry "ESP"]

1. d4 Nf6 2. c4 g6 3. Nc3 d5 4. cxd5 Nxd5 5. e4 Nxc3 6. bxc3 Bg7 7. Be3 c5 8. Qd2 Qa5 9. Rb1 b6 10. Bb5+ Bd7 11. Bd3 Bc6 12. Ne2 Nd7 13. 0-0 Rd8 14. Bh6 0-0 15. Bxg7 Kxg7 16. Qb2 Ne5 17. Bc2 Nc4 18. Qc1 Na3 19. Rb2 Nc4 20. Rb1 Na3 21. Rb2 Nc4 1/2-1/2

[Event "Madrid-chT 1415"]
[Site "Madrid"]
[Date "2014.11.30"]
[Round "2.2"]
[White "Martinez Lozano, Miguel Angel"]
[Black "Navarro Nicolas, Victor Manuel"]
[Result "1-0"]
[WhiteElo "2203"]
[BlackElo "2156"]
[PlyCount "85"]
[EventDate "2014.11.23"]
[EventType "team-tourn"]
[EventRounds "14"]
[EventCountry "ESP"]
[SourceTitle "EXT 2016"]
[Source "ChessBase"]
[SourceDate "2015.10.08"]
[SourceVersion "1"]
[SourceVersionDate "2015.10.08"]
[SourceQuality "1"]
[WhiteTeam "Blanco y Negro"]
[BlackTeam "Pueblo Nuevo"]
[WhiteTeamCountry "ESP"]
[BlackTeamCountry "ESP"]

1. e4 e6 2. d4 d5 3. Nc3 Bb4 4. e5 c5 5. a3 Bxc3+ 6. bxc3 Ne7 7. Qg4 Qc7 8. Qxg7 Rg8 9. Qxh7 cxd4 10. Ne2 Nbc6 11. f4 Bd7 12. Qd3 dxc3 13. Nxc3 a6 14. Rb1 Na5 15. h4 Rc8 16. Rh3 Nf5 17. h5 Nc4 18. h6 Qa5 19. h7 Rh8 20. g4 Nce3 21. Bxe3 Rxc3 22. Bd2 Rxd3 23. Bxa5 Rxh3 24. Bxh3 Nd4 25. Rxb7 Nc6 26. Bf1 Rxh7 27. Bd2 Rh1 28. Kf2 Rh2+ 29. Bg2 Kd8 30. Kg3 Rh7 31. Bf1 Bc8 32. Rb1 Rh1 33. Kg2 Rh4 34. Be2 Nd4 35. Kg3 Rh8 36. Bd3 Nc6 37. a4 Kc7 38. a5 Bb7 39. Be3 d4 40. Bd2 Ne7 41. Bb4 Nd5 42. Bd6+ Kc8 43. Bxa6 1-0

[Event "Madrid-chT 1213 Honor"]
[Site "Madrid"]
[Date "2013.03.17"]
[Round "14.13"]
[White "Navarro Nicolas, Victor Manuel"]
[Black "Castellanos, Jorge"]
[Result "1/2-1/2"]
[WhiteElo "2211"]
[BlackElo "2191"]
[PlyCount "33"]
[EventDate "2012.11.18"]
[EventType "team"]
[EventRounds "14"]
[EventCountry "ESP"]
[SourceTitle "EXT 2014"]
[Source "ChessBase"]
[SourceDate "2013.11.20"]
[SourceVersion "1"]
[SourceVersionDate "2013.11.20"]
[SourceQuality "1"]
[WhiteTeam "Pueblo Nuevo"]
[BlackTeam "Cafe Comercial"]
[WhiteTeamCountry "ESP"]
[BlackTeamCountry "ESP"]

1. d4 Nf6 2. c4 e6 3. Nc3 Bb4 4. e3 b6 5. Bd3 Bb7 6. f3 Bxc3+ 7. bxc3 d6 8. Ne2 c5 9. 0-0 Nc6 10. e4 e5 11. d5 Na5 12. Ng3 Bc8 13. h3 0-0 14. f4 Ne8 15. f5 f6 16. Nh5 Ba6 17. Qe2 1/2-1/2

[Event "Madrid-chT 1213 Honor"]
[Site "Madrid"]
[Date "2012.12.02"]
[Round "3.13"]
[White "Alcazar Jimenez, Jesus Alberto"]
[Black "Navarro Nicolas, Victor Manuel"]
[Result "1-0"]
[WhiteElo "2231"]
[BlackElo "2211"]
[PlyCount "81"]
[EventDate "2012.11.18"]
[EventType "team"]
[EventRounds "14"]
[EventCountry "ESP"]
[SourceTitle "EXT 2014"]
[Source "ChessBase"]
[SourceDate "2013.11.20"]
[SourceVersion "1"]
[SourceVersionDate "2013.11.20"]
[SourceQuality "1"]
[WhiteTeam "Blanco y Negro"]
[BlackTeam "Pueblo Nuevo"]
[WhiteTeamCountry "ESP"]
[BlackTeamCountry "ESP"]

1. e4 e6 2. d4 d5 3. exd5 exd5 4. Nf3 Nc6 5. h3 Nf6 6. Bb5 Bd6 7. Qe2+ Be6 8. Ng5 Qe7 9. Nxe6 fxe6 10. 0-0 0-0 11. Bxc6 bxc6 12. Nd2 c5 13. dxc5 Bxc5 14. Nb3 Bd6 15. c4 Ne4 16. Nd2 Nxd2 17. Bxd2 d4 18. Rae1 Rae8 19. Qe4 c5 20. f4 Qf6 21. f5 exf5 22. Qd5+ Kh8 23. Rxe8 Rxe8 24. Rxf5 Qg6 25. Qf3 h6 26. g4 Kh7 27. Qd3 Re5 28. Kg2 Rxf5 29. Qxf5 Qxf5 30. gxf5 g6 31. fxg6+ Kxg6 32. Kf3 h5 33. Ke4 Kf6 34. Kd5 Be7 35. a3 Kf5 36. b4 cxb4 37. axb4 d3 38. Kd4 Ke6 39. Kxd3 Kd7 40. Ke4 Ke6 41. b5 1-0

[Event "Madrid-chT Honor"]
[Site "Madrid"]
[Date "2010.02.14"]
[Round "10"]
[White "Fernandez Garcia, Miguel Angel"]
[Black "Navarro Nicolas, Victor Manuel"]
[Result "1-0"]
[WhiteElo "2254"]
[BlackElo "2228"]
[PlyCount "87"]
[EventDate "2009.11.22"]
[EventType "team-tourn"]
[EventRounds "13"]
[EventCountry "ESP"]
[SourceTitle "EXT 2011"]
[Source "ChessBase"]
[SourceDate "2010.11.26"]
[SourceVersion "1"]
[SourceVersionDate "2010.11.26"]
[SourceQuality "1"]

1. d4 Nf6 2. c4 g6 3. Nc3 d5 4. Nf3 Bg7 5. Bf4 0-0 6. Rc1 dxc4 7. e4 Bg4 8. Bxc4 Bxf3 9. gxf3 Nh5 10. Be3 e5 11. dxe5 Bxe5 12. Qxd8 Rxd8 13. 0-0 Nf4 14. Ne2 Nxe2+ 15. Bxe2 Nc6 16. f4 Bd4 17. Rfd1 Bxe3 18. fxe3 Rxd1+ 19. Rxd1 Rd8 20. Rxd8+ Nxd8 21. e5 Kf8 22. Kf2 Ke7 23. h4 Ne6 24. h5 Ng7 25. hxg6 hxg6 26. e4 Ne6 27. Ke3 c6 28. Bc4 c5 29. f5 gxf5 30. exf5 Nd4 31. f6+ Ke8 32. Ke4 b5 33. Bf1 a6 34. Kd5 Ne6 35. b3 Kd8 36. Kd6 Ke8 37. a4 c4 38. bxc4 bxa4 39. c5 a3 40. Bc4 Nd4 41. c6 Nf5+ 42. Kc5 Ne3 43. e6 fxe6 44. Bxe6 1-0

[Event "Madrid-chT Honor"]
[Site "Madrid"]
[Date "2009.11.22"]
[Round "1"]
[White "Navarro Nicolas, Victor Manuel"]
[Black "Garcia Ruido, Ricardo"]
[Result "1-0"]
[WhiteElo "2228"]
[BlackElo "2053"]
[PlyCount "47"]
[EventDate "2009.11.22"]
[EventType "team-tourn"]
[EventRounds "13"]
[EventCountry "ESP"]
[SourceTitle "EXT 2011"]
[Source "ChessBase"]
[SourceDate "2010.11.26"]
[SourceVersion "1"]
[SourceVersionDate "2010.11.26"]
[SourceQuality "1"]

1. d4 d5 2. c4 e6 3. Nf3 c5 4. cxd5 exd5 5. Nc3 Nf6 6. Bf4 Nc6 7. e3 cxd4 8. Nxd4 Bb4 9. Bb5 Bd7 10. 0-0 0-0 11. Rc1 Rc8 12. Nxc6 Bxc6 13. Bd3 Ne4 14. Ne2 Re8 15. Nd4 Qf6 16. Qh5 Bd6 17. Bxd6 Qxd6 18. Rc2 Re5 19. Qg4 Rce8 20. f4 R5e6 21. Nxe6 Rxe6 22. Rd1 Nc5 23. Qh3 h6 24. Bf5 1-0

[Event "Madrid"]
[Site "Madrid"]
[Date "2006.02.21"]
[Round "7"]
[White "Navarro Nicolas, Victor Manuel"]
[Black "Tejedo Meneses, Alvaro"]
[Result "1-0"]
[WhiteElo "2180"]
[BlackElo "2022"]
[PlyCount "95"]
[EventDate "2006.01.31"]
[EventType "tourn"]
[EventRounds "9"]
[EventCountry "ESP"]
[SourceTitle "EXT 2007"]
[Source "ChessBase"]
[SourceDate "2006.11.23"]
[SourceVersion "1"]
[SourceVersionDate "2006.11.23"]
[SourceQuality "1"]

1. Nf3 Nf6 2. c4 g6 3. Nc3 d5 4. d4 Bg7 5. Bg5 dxc4 6. e4 c5 7. d5 b5 8. e5 b4 9. exf6 exf6 10. Bd2 bxc3 11. Bxc3 0-0 12. Bxc4 Re8+ 13. Kf1 Nd7 14. Bb5 Rb8 15. a4 a6 16. Bc6 Bb7 17. Qd2 Qc8 18. Bxb7 Qxb7 19. h4 Nb6 20. d6 h5 21. Kg1 Nc4 22. Qf4 Re4 23. Qg3 Rg4 24. Qh3 Nxd6 25. Nd2 Nf5 26. Qf3 Qc7 27. Ne4 Rf4 28. Qd3 Nd4 29. Re1 f5 30. Ng5 Rd8 31. Qxa6 Nc2 32. Ba5 Qb8 33. Rf1 Rxa4 34. b3 Ra2 35. Qc4 Rd7 36. Bc3 Bxc3 37. Qxc3 Qb6 38. Rh3 Nd4 39. Re3 Re2 40. Re1 Rxe1+ 41. Rxe1 Qxb3 42. Re8+ Kg7 43. Qxc5 Ne6 44. Qe5+ f6 45. Nxe6+ Kh7 46. Qxf6 Qd1+ 47. Kh2 Qd6+ 48. g3 1-0

[Event "Madrid"]
[Site "Madrid"]
[Date "2006.02.07"]
[Round "3"]
[White "Navarro Nicolas, Victor Manuel"]
[Black "Moratalla Garcia, Joaquin"]
[Result "1-0"]
[WhiteElo "2180"]
[BlackElo "1842"]
[PlyCount "41"]
[EventDate "2006.01.31"]
[EventType "tourn"]
[EventRounds "9"]
[EventCountry "ESP"]
[SourceTitle "EXT 2007"]
[Source "ChessBase"]
[SourceDate "2006.11.23"]
[SourceVersion "1"]
[SourceVersionDate "2006.11.23"]
[SourceQuality "1"]

1. d4 Nf6 2. c4 e6 3. Nc3 Bb4 4. e3 0-0 5. Bd3 d5 6. cxd5 exd5 7. a3 Bxc3+ 8. bxc3 Be6 9. Ne2 c6 10. 0-0 Nbd7 11. Ng3 Re8 12. f3 Qc7 13. e4 dxe4 14. fxe4 Nf8 15. e5 Nd5 16. Ne4 Nb6 17. Rf2 h6 18. Qh5 Nh7 19. Bxh6 Qe7 20. Bxg7 Bg4 21. Nf6+ 1-0

[Event "ESP-chT2"]
[Site "Vila Real"]
[Date "2001.??.??"]
[Round "5"]
[White "Navarro Nicolas, Victor Manuel"]
[Black "Sanz Perez, Eduardo"]
[Result "0-1"]
[WhiteElo "2092"]
[BlackElo "2166"]
[PlyCount "79"]
[EventDate "2001.08.13"]
[EventType "team-tourn"]
[EventRounds "7"]
[EventCountry "ESP"]
[SourceTitle "EXT 2003"]
[Source "ChessBase"]
[SourceDate "2002.11.25"]
[SourceVersion "1"]
[SourceVersionDate "2002.11.25"]
[SourceQuality "1"]

1. d4 e6 2. c4 f5 3. g3 Nf6 4. Nf3 d5 5. Bg2 c6 6. 0-0 Bd6 7. Bf4 Bxf4 8. gxf4 dxc4 9. Ne5 Qc7 10. Nc3 Nd5 11. e3 b5 12. Qh5+ g6 13. Qh6 Rg8 14. e4 Nxc3 15. bxc3 Qg7 16. Qh3 Bb7 17. exf5 gxf5 18. Kh1 c5 19. Bxb7 Qxb7+ 20. f3 cxd4 21. Rg1 Rf8 22. Qh6 Qd5 23. Rg7 dxc3 24. Qh5+ Kd8 25. Qg5+ Kc8 26. Qe7 Nd7 27. Qxd7+ Qxd7 28. Rxd7 Rd8 29. Rxd8+ Kxd8 30. Rc1 Kc7 31. Rxc3 Rd8 32. Rc1 Kb6 33. a4 a6 34. Kg2 Rd2+ 35. Kg3 Kc5 36. h4 Kb4 37. axb5 axb5 38. h5 Kb3 39. Rb1+ Rb2 40. Rd1 0-1

[Event "ESP-ch Universities"]
[Site "Spain"]
[Date "1994.??.??"]
[Round "6"]
[White "Navarro Nicolas, Victor Manuel"]
[Black "Carbonell Bofill, Carlos Eloy"]
[Result "0-1"]
[WhiteElo "2200"]
[BlackElo "2340"]
[PlyCount "82"]
[EventDate "1994.??.??"]
[EventType "swiss"]
[EventRounds "9"]
[EventCountry "ESP"]
[SourceTitle "EXT 2004"]
[Source "ChessBase"]
[SourceDate "2003.11.25"]
[SourceVersion "1"]
[SourceVersionDate "2003.11.25"]
[SourceQuality "1"]

1. d4 Nf6 2. Nf3 d5 3. c4 c6 4. cxd5 cxd5 5. Nc3 e6 6. Bf4 Bd6 7. Bg3 0-0 8. e3 a6 9. Bd3 b5 10. 0-0 Bb7 11. Rc1 Bxg3 12. hxg3 Nbd7 13. Qb3 Qb6 14. Rfe1 Rfc8 15. Ne2 Ne4 16. Rxc8+ Rxc8 17. Rc1 Rxc1+ 18. Nxc1 f5 19. Ne2 h6 20. Qa3 Kf7 21. Bxe4 dxe4 22. Nd2 g5 23. Nb3 b4 24. Qa5 Bd5 25. Nec1 Ke7 26. Qxb6 Nxb6 27. Nc5 a5 28. b3 Kd6 29. Kf1 e5 30. Ke2 f4 31. gxf4 gxf4 32. g3 f3+ 33. Kd2 h5 34. Na4 Nd7 35. dxe5+ Kxe5 36. Nb2 Nc5 37. Ke1 Kf5 38. Kd2 Kg4 39. Na4 Nxa4 40. bxa4 Kh3 41. Ke1 Kg2 0-1